pays attaqué par le Royaume-Uni de 1946 à 2025 - Statistiques

Statistiques générales
  • Ce quiz a été pris 29 fois
  • Le résultat moyen est 6 sur 11
Statistiques - réponses
Date Pays % Correct
1991, 2003–2011, 2014–2024 Irak
100%
2001–2014, 2015–2021, 2021 Afghanistan
85%
1982 Argentine
70%
2014–2024 Syrie
67%
2006 Liban
52%
2011 Libye
48%
2003 République Démocratique du Congo
41%
2015–2022, Depuis 2022 Ukraine
37%
1946 Palestine
33%
1992–1995 Bosnie-Herzégovine
30%
1946 Albanie
7%
Aucun quiz correspondant
Distribution des résultats
% des personnes avec chaque résultat
Percentile par nombre de réponses
Votre historique - résultats
Vous n’avez pas pris ce quiz